Justicia restaurativa : posible respuesta para el delito cometido por personas menores de edad /
Guardado en:
| Autor Principal: | |
|---|---|
| Formato: | Libro |
| Idioma: | Spanish |
| Publicado: |
Santa Fe :
Rubinzal - Culzoni,
2004.
|
| Edición: | 1a. ed. |
| Materias: | |
| Etiquetas: |
Agregar Etiqueta
Sin Etiquetas, Sea el primero en etiquetar este registro!
|
| LEADER | 00567nam a22001575a 4500 | ||
|---|---|---|---|
| 001 | DER.der001705 | ||
| 008 | 180615s2004####ag#||||||||||||||#||spa|| | ||
| 005 | 20241028110403.0 | ||
| 245 | 1 | 0 | |a Justicia restaurativa : |b posible respuesta para el delito cometido por personas menores de edad / |c Aída Kemelmajer de Carlucci. |
| 250 | |a 1a. ed. | ||
| 260 | |a Santa Fe : |b Rubinzal - Culzoni, |c 2004. | ||
| 300 | |a 629 p. | ||
| 020 | |a 9507275282 | ||
| 100 | 1 | |a Kemelmajer de Carlucci, Aída | |
| 650 | 7 | |a Régimen penal de la minoridad |2 SAIJ | |
| 859 | |a DERECHO |b BIB. DERECHO |h 345 |i KEM |k JM |p 003045 | ||
